Межгосударственные региональные организации Азии в международных отношениях

Dades bibliogràfiques
Autor corporatiu: Академия наук СССР (АН СССР) Институт востоковедения (ИВ)
Altres autors: Капица М. С. (редактор)
Idioma:rus
Publicat: Москва, Наука, 1991
Matèries:
Format: MixedMaterials Llibre
KOHA link:https://koha.lib.tpu.ru/cgi-bin/koha/opac-detail.pl?biblionumber=200252

MARC

LEADER 00000nam0a2200000 4500
001 200252
005 20231031184627.0
010 |a 5020172103 
035 |a (RuTPU)RU\TPU\book\218313 
090 |a 200252 
100 |a 20110903d1991 m y0rusy50 ca 
101 0 |a rus 
102 |a RU 
105 |a a z 001zy 
200 1 |a Межгосударственные региональные организации Азии в международных отношениях  |f Академия наук СССР (АН СССР), Институт востоковедения (ИВ) ; под ред. М. С. Капица 
210 |a Москва  |c Наука  |d 1991 
215 |a 224 с.  |c ил. 
320 |a Библиогр.: с. 210-217. 
610 1 |a Азия 
610 1 |a региональные организации 
610 1 |a международные отношения 
610 1 |a региональное сотрудничество 
686 |a Ф4(5)  |v LBC/SL-A  |2 rubbk 
702 1 |a Капица  |b М. С.  |4 340 
712 0 2 |a Академия наук СССР (АН СССР)  |b Институт востоковедения (ИВ)  |c (Москва)  |2 stltpush  |3 (RuTPU)RU\TPU\col\11263 
801 1 |a RU  |b 63413507  |c 20110903 
801 2 |a RU  |b 63413507  |c 20110914  |g RCR 
942 |c BK